Nommez un Département Français Valide A-Z - Statistiques

Statistiques générales
  • Ce quiz a été pris 61 050 fois
  • Le résultat moyen est 14 sur 20
Statistiques - réponses
Lettre # Réponses possibles % Correct
A 11 Ain | Aisne | Allier | Alpes-de-Haute-Provence | Alpes-Maritimes | Ardèche | Ardennes | Ariège | Aube | Aude | Aveyron
93%
C 10 Calvados | Cantal | Charente | Charente-Maritime | Cher | Corrèze | Corse-du-Sud | Côte-d'Or | Côtes-d'Armor | Creuse
84%
L 9 Landes | Loir-et-Cher | Loire | Loire-Atlantique | Loiret | Lot | Lot-et-Garonne | Lozère | La Réunion
81%
M 10 Maine-et-Loire | Manche | Marne | Mayenne | Meurthe-et-Moselle | Meuse | Morbihan | Moselle | Martinique | Mayotte
81%
H 12 Hautes-Alpes | Haute-Corse | Haute-Garonne | Hérault | Haute-Loire | Haute-Marne | Hautes-Pyrénées | Haut-Rhin | Haute-Saône | Haute-Savoie | Haute-Vienne | Hauts-de-Seine
80%
G 5 Gard | Gers | Gironde | Guadeloupe | Guyane
77%
V 7 Var | Vaucluse | Vendée | Vienne | Vosges | Val-de-Marne | Val-d'Oise
76%
I 4 Ille-et-Vilaine | Indre | Indre-et-Loire | Isère
74%
D 4 Dordogne | Doubs | Drôme | Deux-Sèvres
73%
S 7 Saône-et-Loire | Sarthe | Savoie | Seine-Maritime | Seine-et-Marne | Somme | Seine-Saint-Denis
73%
Y 2 Yvelines | Yonne
73%
P 5 Pas-de-Calais | Puy-de-Dôme | Pyrénées-Atlantiques | Pyrénées Orientales | Paris
71%
F 1 Finistère
69%
E 3 Eure | Eure-et-Loir | Essonne
65%
N 2 Nièvre | Nord
64%
B 2 Bouches-du-Rhône | Bas-Rhin
63%
J 1 Jura
59%
T 3 Tarn | Tarn-et-Garonne | Territoire de Belfort
59%
R 1 Rhône
56%
O 2 Oise | Orne
54%
Aucun quiz correspondant
Distribution des résultats
% des personnes avec chaque résultat
Percentile par nombre de réponses
Votre historique - résultats
Vous n’avez pas pris ce quiz